[Event "Gatineau CEH op"]
[Site "Gatineau CAN"]
[Date "2010.01.26"]
[Round "3"]
[White "Scantland, Patrick"]
[Black "Levesque, Andre"]
[Result "1-0"]
[WhiteElo "1759"]
[BlackElo "1346"]
[PlyCount "115"]
[EventDate "2010.01.12"]
[EventType "swiss"]
[EventRounds "7"]
[EventCountry "CAN"]
[Source "ChessBase"]
[SourceDate "2011.11.26"]

1. e4 c5 2. Nf3 Nc6 3. d4 cxd4 4. Nxd4 g6 5. c4 Nf6 6. Nc3 Bg7 7. Be3 O-O 8.
Be2 d6 9. O-O Nxd4 10. Bxd4 Be6 11. Rc1 a6 12. Qd2 Rc8 13. b3 Qa5 14. Rfd1 Bd7
15. f3 e6 16. Be3 Ne8 17. Bh6 Qc5+ 18. Be3 Bh6 19. Bxc5 Bxd2 20. Rxd2 Rxc5 21.
Rcd1 b5 22. b4 Rc8 23. c5 Rd8 24. cxd6 Bc6 25. e5 Ng7 26. g4 f6 27. exf6 Rxf6
28. Ne4 Bxe4 29. fxe4 Rf4 30. Rd4 e5 31. R4d2 Rxe4 32. Rb2 Ne6 33. Bf3 Rf4 34.
Rf2 Kg7 35. a3 Ng5 36. Kg2 e4 37. Be2 Nh3 38. Rxf4 Nxf4+ 39. Kf2 g5 40. d7 Kf7
41. Bf1 Ke7 42. Ke3 Rxd7 43. Rxd7+ Kxd7 44. Kxe4 Kd6 45. h4 h6 46. hxg5 hxg5
47. Kf5 Ne6 48. Bg2 Nf4 49. Bb7 Ne6 50. Bxa6 Ke7 51. Bc8 Nd4+ 52. Kxg5 Nc2 53.
Kg6 Nxa3 54. Kh7 Kf6 55. Kh6 Kf7 56. g5 Nc4 57. g6+ Kf8 58. g7+ 1-0

[Event "Gatineau CEH op"]
[Site "Gatineau CAN"]
[Date "2010.01.26"]
[Round "3"]
[White "Thibault, Mario"]
[Black "Carriere, Stephen"]
[Result "1-0"]
[WhiteElo "1733"]
[BlackElo "1226"]
[PlyCount "63"]
[EventDate "2010.01.12"]
[EventType "swiss"]
[EventRounds "7"]
[EventCountry "CAN"]
[Source "ChessBase"]
[SourceDate "2011.11.26"]

1. e4 c5 2. Nc3 a6 3. f4 b5 4. d3 Bb7 5. Nf3 Nc6 6. Be2 d6 7. O-O Nf6 8. h3 e5
9. a3 Qb6 10. Be3 Nd4 11. fxe5 Nxf3+ 12. Bxf3 dxe5 13. Qe1 Be7 14. Qg3 Qe6 15.
Rae1 O-O 16. Nd5 Nxd5 17. exd5 Qg6 18. Qxg6 fxg6 19. c4 Bd6 20. Bg4 Rae8 21.
Rxf8+ Rxf8 22. Be6+ Kh8 23. Rf1 Re8 24. Rf7 Bc8 25. Bxc8 Rxc8 26. Rd7 bxc4 27.
Rxd6 cxd3 28. Re6 Rb8 29. d6 h6 30. d7 Kh7 31. Re8 Rxb2 32. d8=Q 1-0

[Event "Gatineau CEH op"]
[Site "Gatineau CAN"]
[Date "2010.02.02"]
[Round "4"]
[White "Cossette, Daniel"]
[Black "Desjardins, Michel"]
[Result "1-0"]
[WhiteElo "2020"]
[BlackElo "1959"]
[PlyCount "45"]
[EventDate "2010.01.12"]
[EventType "swiss"]
[EventRounds "7"]
[EventCountry "CAN"]
[Source "ChessBase"]
[SourceDate "2011.11.26"]

1. e4 d5 2. exd5 Qxd5 3. Nc3 Qd6 4. d4 Nf6 5. Nf3 a6 6. g3 Bg4 7. h3 Bh5 8. g4
Bg6 9. Ne5 Nc6 10. Bf4 Nxe5 11. dxe5 Qxd1+ 12. Rxd1 Ne4 13. Bg2 Nxc3 14. bxc3
c6 15. e6 Rd8 16. Rb1 Bxc2 17. Rxb7 fxe6 18. Bxc6+ Kf7 19. O-O g6 20. Be5 Rg8
21. Rc1 Bd3 22. Rd1 Bh6 23. Bc7 1-0

[Event "Gatineau CEH op"]
[Site "Gatineau CAN"]
[Date "2010.02.02"]
[Round "4"]
[White "Groleau, Gilles"]
[Black "Thibault, Mario"]
[Result "1/2-1/2"]
[WhiteElo "2022"]
[BlackElo "1733"]
[PlyCount "112"]
[EventDate "2010.01.12"]
[EventType "swiss"]
[EventRounds "7"]
[EventCountry "CAN"]
[Source "ChessBase"]
[SourceDate "2011.11.26"]

1. e4 c5 2. Nc3 g6 3. f4 Bg7 4. Nf3 Nc6 5. a3 a6 6. Bc4 e6 7. O-O Nge7 8. e5 d5
9. exd6 Qxd6 10. d3 O-O 11. Ne4 Qc7 12. Kh1 b6 13. Rb1 Bb7 14. b4 Nd4 15. Nxd4
cxd4 16. Qe1 Nf5 17. Bb3 Rfd8 18. Bd2 Rac8 19. Rc1 Nd6 20. c4 Nxe4 21. dxe4 Qc6
22. c5 b5 23. Qg3 Qxe4 24. Rce1 Qf5 25. Bd1 Bd5 26. Bg4 Qc2 27. Bc1 d3 28. Rf2
Qc4 29. f5 exf5 30. Bxf5 Be6 31. Bxe6 fxe6 32. Rd1 Rf8 33. h3 Rxf2 34. Qxf2 Rf8
35. Qg3 Qc2 36. Qg4 Qe2 37. Bg5 Rf1+ 38. Rxf1 Qxf1+ 39. Kh2 Be5+ 40. g3 Qf2+
41. Kh1 Qe1+ 42. Kg2 Bc7 43. Qf3 Qe2+ 44. Qxe2 dxe2 45. Bd2 Kf7 46. Kf2 Be5 47.
Bf4 Bb2 48. Bd2 Bxa3 49. Kxe2 Bb2 50. Kf3 Be5 51. g4 Bc7 52. Ke4 Ke7 53. Bc3
Bg3 54. Bd2 Bf2 55. Ke5 Bg3+ 56. Ke4 Bf2 1/2-1/2

[Event "Gatineau CEH op"]
[Site "Gatineau CAN"]
[Date "2010.02.02"]
[Round "4"]
[White "Lacourse, Guy"]
[Black "Gagnon, Fabien"]
[Result "0-1"]
[WhiteElo "1676"]
[BlackElo "1942"]
[PlyCount "96"]
[EventDate "2010.01.12"]
[EventType "swiss"]
[EventRounds "7"]
[EventCountry "CAN"]
[Source "ChessBase"]
[SourceDate "2011.11.26"]

1. d4 Nf6 2. c4 c5 3. d5 g6 4. Nc3 Bg7 5. e4 d6 6. h3 O-O 7. Be3 e6 8. Nf3 exd5
9. exd5 Re8 10. Be2 a6 11. O-O Nbd7 12. a4 Ne4 13. Nxe4 Rxe4 14. Qc2 Re8 15.
Rab1 a5 16. Rfe1 Ne5 17. Nxe5 Bxe5 18. Qd2 Bd7 19. f4 Bg7 20. Bf2 Bxa4 21. b3
Bd7 22. g4 Qf6 23. Bd3 Qc3 24. Qxc3 Bxc3 25. Rxe8+ Rxe8 26. Kg2 Rb8 27. Kf3 b5
28. Rc1 b4 29. f5 Be5 30. Re1 Re8 31. Bc2 gxf5 32. gxf5 f6 33. Rg1+ Kf7 34. Be3
Rg8 35. Rg4 Be8 36. Bh6 Bd7 37. Rxg8 Kxg8 38. Ke4 Kf7 39. Bd1 Ke7 40. Bc2 Kd8
41. Bf8 Be8 42. Bd1 Kd7 43. Bc2 Bh5 44. Ke3 Bb2 45. Kd2 Bf3 46. h4 Be5 47. Ke3
Bh5 48. Kf2 Bf4 0-1

[Event "Gatineau CEH op"]
[Site "Gatineau CAN"]
[Date "2010.02.02"]
[Round "4"]
[White "Levesque, Andre"]
[Black "Jiang, Qizhe"]
[Result "1-0"]
[WhiteElo "1346"]
[BlackElo "1218"]
[PlyCount "79"]
[EventDate "2010.01.12"]
[EventType "swiss"]
[EventRounds "7"]
[EventCountry "CAN"]
[Source "ChessBase"]
[SourceDate "2011.11.26"]

1. e4 e5 2. Nf3 Nc6 3. Bb5 a6 4. Ba4 Nf6 5. O-O Be7 6. Re1 d6 7. h3 b5 8. Bb3
O-O 9. c3 Na5 10. Bc2 c5 11. d3 Qc7 12. Nbd2 Bd7 13. Nf1 b4 14. Bg5 Rab8 15.
Ne3 Rfe8 16. Bxf6 Bxf6 17. Nd5 Qd8 18. Nh2 Be6 19. Ne3 bxc3 20. bxc3 Nc6 21.
Ba4 Qc7 22. Nd5 Qc8 23. Nxf6+ gxf6 24. Re3 Kh8 25. Qf3 Rg8 26. Qxf6+ Rg7 27.
Rg3 Qf8 28. Bxc6 Qg8 29. Rxg7 Qxg7 30. Qxg7+ Kxg7 31. Nf3 Rb2 32. Ng5 Bxa2 33.
Bd5 Rb1+ 34. Rxb1 Bxb1 35. Nxf7 a5 36. Nxd6 a4 37. Bc4 a3 38. Nb7 a2 39. Bxa2
Bxa2 40. Nxc5 1-0

[Event "Gatineau CEH op"]
[Site "Gatineau CAN"]
[Date "2010.02.02"]
[Round "4"]
[White "Libersan, Mattieu"]
[Black "Guimond, Michel"]
[Result "1/2-1/2"]
[WhiteElo "1779"]
[BlackElo "1970"]
[PlyCount "113"]
[EventDate "2010.01.12"]
[EventType "swiss"]
[EventRounds "7"]
[EventCountry "CAN"]
[Source "ChessBase"]
[SourceDate "2011.11.26"]

1. e4 e6 2. d4 d5 3. Nc3 Bb4 4. e5 c5 5. a3 Bxc3+ 6. bxc3 Ne7 7. Qg4 Nbc6 8.
Qxg7 Rg8 9. Qxh7 Qa5 10. Bd2 c4 11. Nf3 Bd7 12. g3 O-O-O 13. Bg2 Nf5 14. Qxf7
Rdf8 15. Qh7 Be8 16. Rb1 Nce7 17. Nh4 Rh8 18. Nxf5 Rxh7 19. Nd6+ Kc7 20. Rxb7+
Kc6 21. O-O Rfh8 22. Nxc4 Qa4 23. Nd6 Nf5 24. Rb4 Qa6 25. c4 Nxd6 26. exd6 Rxh2
27. cxd5+ exd5 28. c4 Rxg2+ 29. Kxg2 dxc4 30. d5+ Kxd5 31. Bf4 Bg6 32. Rd1+ Bd3
33. a4 Rd8 34. Rb5+ Kc6 35. Ra1 Kd7 36. Re1 Qxa4 37. Rc5 Rg8 38. Rc7+ Kd8 39.
d7 c3 40. Rc8+ Kxd7 41. Rxg8 Be4+ 42. Kg1 c2 43. Rg7+ Ke6 44. Rc7 Kf5 45. Rc5+
Kg6 46. Re5 Bf5 47. Kg2 Qd4 48. Rh1 Qd3 49. Ra1 Be4+ 50. Kh3 Qf3 51. Ra6+ Bc6
52. Re6+ Kf5 53. Re5+ Kf6 54. Rc5 Qh1+ 55. Kg4 Qf3+ 56. Kh3 Qh1+ 57. Kg4
1/2-1/2

[Event "Gatineau CEH op"]
[Site "Gatineau CAN"]
[Date "2010.02.02"]
[Round "4"]
[White "MacIsaac, Alexandre"]
[Black "Arsenault, Michel"]
[Result "0-1"]
[WhiteElo "1516"]
[BlackElo "1889"]
[PlyCount "101"]
[EventDate "2010.01.12"]
[EventType "swiss"]
[EventRounds "7"]
[EventCountry "CAN"]
[Source "ChessBase"]
[SourceDate "2011.11.26"]

1. e4 c5 2. Nf3 e6 3. d4 cxd4 4. Nxd4 Nf6 5. Bg5 Qa5+ 6. Qd2 Bb4 7. c3 Nxe4 8.
cxb4 Qxg5 9. Qxg5 Nxg5 10. Nb5 Na6 11. N1c3 f6 12. O-O-O Nf7 13. Ne4 d5 14.
Ned6+ Nxd6 15. Nxd6+ Ke7 16. Bxa6 Kxd6 17. Bb5 Bd7 18. Bxd7 Kxd7 19. Kc2 Rhc8+
20. Kb3 Rc4 21. Rc1 Rac8 22. Rc3 h5 23. Rhc1 Rxc3+ 24. Rxc3 Rxc3+ 25. bxc3 b5
26. a4 a6 27. axb5 axb5 28. Kc2 g5 29. Kd3 e5 30. f3 f5 31. g3 Kd6 32. h3 f4
33. gxf4 gxf4 34. Ke2 e4 35. h4 Ke5 36. Kf2 e3+ 37. Ke2 d4 38. Kd3 dxc3 39.
Kxc3 Ke6 40. Kd3 Kd5 41. Kc3 e2 42. Kd2 Kd4 43. Kxe2 Kc3 44. Kd1 Kd3 45. Kc1
Ke3 46. Kc2 Kxf3 47. Kd3 Kg2 48. Kd4 f3 49. Kc5 f2 50. Kxb5 f1=Q+ 51. Kb6 0-1

[Event "Gatineau CEH op"]
[Site "Gatineau CAN"]
[Date "2010.02.02"]
[Round "4"]
[White "Morel, Joseph"]
[Black "Carriere, Stephen"]
[Result "1-0"]
[WhiteElo "1076"]
[BlackElo "1226"]
[PlyCount "63"]
[EventDate "2010.01.12"]
[EventType "swiss"]
[EventRounds "7"]
[EventCountry "CAN"]
[Source "ChessBase"]
[SourceDate "2011.11.26"]

1. e4 c5 2. Nf3 d6 3. c3 Nc6 4. d4 cxd4 5. cxd4 e6 6. Nc3 g6 7. Be2 Bg7 8. O-O
Qb6 9. d5 Nce7 10. Rb1 Nf6 11. Be3 Qd8 12. Nd4 exd5 13. exd5 Nexd5 14. Nxd5
Nxd5 15. Nb5 Nxe3 16. Nxd6+ Ke7 17. Nxc8+ Rxc8 18. fxe3 Qb6 19. Kh1 Rhd8 20.
Qa4 Qxe3 21. Bg4 f5 22. Rfe1 Qxe1+ 23. Rxe1+ Kf7 24. Qb3+ Kf8 25. Bf3 Bh6 26.
Qe6 Bg5 27. Bd5 Kg7 28. g3 Rc5 29. Bc4 b5 30. Bb3 a5 31. h4 Rc1 32. hxg5 1-0

[Event "Gatineau CEH op"]
[Site "Gatineau CAN"]
[Date "2010.02.02"]
[Round "4"]
[White "Rainey, Ivan"]
[Black "Menard, Marc"]
[Result "0-1"]
[WhiteElo "1405"]
[BlackElo "1576"]
[PlyCount "48"]
[EventDate "2010.01.12"]
[EventType "swiss"]
[EventRounds "7"]
[EventCountry "CAN"]
[Source "ChessBase"]
[SourceDate "2011.11.26"]

1. d4 Nf6 2. c4 e5 3. dxe5 Ng4 4. Nf3 Nc6 5. e3 Ngxe5 6. Be2 g6 7. Qc2 Bg7 8.
O-O O-O 9. Nbd2 d6 10. Nd4 Nb4 11. Qb3 c5 12. a3 Nbc6 13. Nxc6 Nxc6 14. Rd1 Bf5
15. Qxb7 Na5 16. Qf3 Rb8 17. e4 Be6 18. Rb1 Nc6 19. Qd3 Ne5 20. Qg3 f5 21. b3
a5 22. f4 Nc6 23. Bb2 Nd4 24. Nf1 Nxe2+ 0-1

[Event "Gatineau CEH op"]
[Site "Gatineau CAN"]
[Date "2010.02.02"]
[Round "4"]
[White "Sabourin, Yves"]
[Black "Danilov, Alex"]
[Result "0-1"]
[WhiteElo "1387"]
[BlackElo "1824"]
[PlyCount "103"]
[EventDate "2010.01.12"]
[EventType "swiss"]
[EventRounds "7"]
[EventCountry "CAN"]
[Source "ChessBase"]
[SourceDate "2011.11.26"]

1. d4 Nf6 2. c4 e6 3. Nc3 Bb4 4. a3 Bxc3+ 5. bxc3 c5 6. Nf3 O-O 7. Bg5 Nc6 8.
d5 Na5 9. e4 d6 10. Bd3 b6 11. O-O Ba6 12. Qe2 Re8 13. Rab1 Qe7 14. Rfe1 h6 15.
Bh4 g5 16. Bg3 e5 17. h3 Nh5 18. Bh2 Nf4 19. Bxf4 gxf4 20. Nd2 Kh7 21. Qh5 Rg8
22. Kh1 Rg5 23. Qf3 Rag8 24. Rg1 Bc8 25. g3 Bxh3 26. gxf4 Bg4 27. fxg5 Bxf3+
28. Nxf3 hxg5 29. Rg4 Rg6 30. Rbg1 f6 31. Kg2 Qd7 32. Kf1 Qa4 33. Ke2 Qxa3 34.
Nh4 Rh6 35. Nf5 Rh2 36. R4g2 Qa2+ 37. Kf3 Rxg2 38. Rh1+ Kg8 39. Kxg2 Qd2 40.
Bf1 Qxc3 41. Rh3 Qb2 42. Rh6 Nb3 43. Nxd6 Nd4 44. Rg6+ Kh7 45. Rxf6 Qc3 46. Ne8
g4 47. d6 Qh3+ 48. Kg1 Qh4 49. d7 Nf3+ 50. Rxf3 gxf3 51. Nd6 Qg4+ 52. Kh2 0-1

[Event "Gatineau CEH op"]
[Site "Gatineau CAN"]
[Date "2010.02.02"]
[Round "4"]
[White "Scantland, Patrick"]
[Black "Beland, Guy"]
[Result "1/2-1/2"]
[WhiteElo "1759"]
[BlackElo "1408"]
[PlyCount "66"]
[EventDate "2010.01.12"]
[EventType "swiss"]
[EventRounds "7"]
[EventCountry "CAN"]
[Source "ChessBase"]
[SourceDate "2011.11.26"]

1. d4 Nf6 2. Nf3 d5 3. Bg5 e6 4. e3 Be7 5. c4 Ne4 6. Bf4 f5 7. cxd5 exd5 8. Qc2
Nc6 9. Bb5 O-O 10. Bxc6 bxc6 11. Qxc6 Bb4+ 12. Nc3 Rf6 13. Qxa8 Nxc3 14. O-O
Ne2+ 15. Kh1 Nxf4 16. exf4 Bd6 17. Ne5 Bxe5 18. fxe5 Rh6 19. Rac1 f4 20. f3 Rg6
21. Rf2 h6 22. Qb8 c6 23. b4 a6 24. a4 Kh7 25. b5 Qh4 26. Rcc2 Bf5 27. Rcd2
axb5 28. axb5 cxb5 29. Qxb5 Be6 30. Qf1 Rg5 31. Rb2 Rh5 32. Qg1 Qg3 33. Rfd2
Rxh2+ 1/2-1/2

[Event "Gatineau CEH op"]
[Site "Gatineau CAN"]
[Date "2010.02.09"]
[Round "5"]
[White "Beland, Guy"]
[Black "MacIsaac, Alexandre"]
[Result "0-1"]
[WhiteElo "1408"]
[BlackElo "1516"]
[PlyCount "66"]
[EventDate "2010.01.12"]
[EventType "swiss"]
[EventRounds "7"]
[EventCountry "CAN"]
[Source "ChessBase"]
[SourceDate "2011.11.26"]

1. e4 c5 2. f4 e5 3. Nf3 exf4 4. Bc4 Qe7 5. O-O Nc6 6. d3 g5 7. Nc3 Nf6 8. Nxg5
Ne5 9. Nd5 Nxd5 10. Bxd5 Qxg5 11. Bxf4 Qe7 12. Bxe5 Qxe5 13. Rf5 Qxb2 14. Rb1
Qd4+ 15. Kh1 f6 16. Qh5+ Kd8 17. Rbf1 Be7 18. Bc4 d6 19. Rd5 Qc3 20. Qh6 Be6
21. e5 Bxd5 22. Bxd5 Qxe5 23. c4 Qe2 24. Rb1 Qxd3 25. Rc1 Qg6 26. Qh3 Rb8 27.
a4 a6 28. Qc3 Re8 29. Qa5+ Kd7 30. Qb6 Bd8 31. Bc6+ bxc6 32. Qxb8 Bc7 33. Qa7
Qc2 0-1

[Event "Gatineau CEH op"]
[Site "Gatineau CAN"]
[Date "2010.02.09"]
[Round "5"]
[White "Berthiaume, Serge"]
[Black "Sabourin, Yves"]
[Result "0-1"]
[WhiteElo "1350"]
[BlackElo "1387"]
[PlyCount "120"]
[EventDate "2010.01.12"]
[EventType "swiss"]
[EventRounds "7"]
[EventCountry "CAN"]
[Source "ChessBase"]
[SourceDate "2011.11.26"]

1. d4 d5 2. Nf3 Bg4 3. Bf4 e6 4. e3 Nc6 5. Bb5 Bd6 6. Bg3 Nf6 7. c3 Ne4 8. Nbd2
Nxg3 9. hxg3 h5 10. Qc2 Qd7 11. Nb3 a6 12. Bd3 O-O-O 13. O-O-O Qe7 14. c4 dxc4
15. Qxc4 Qf6 16. Nc5 Bxc5 17. Qxc5 Bxf3 18. gxf3 Qxf3 19. Rhf1 Qd5 20. Qa3 Qd6
21. Qb3 Qb4 22. Qc2 h4 23. gxh4 Rxh4 24. Rh1 Rdh8 25. Be4 Rxh1 26. Bxh1 Rh2 27.
Bxc6 bxc6 28. a3 Qb5 29. b3 Qf5 30. Qxf5 exf5 31. Rd2 Kd7 32. Rc2 g5 33. Kb2 f4
34. exf4 gxf4 35. Kc3 Kd6 36. Kb4 Kd5 37. Ka5 Kxd4 38. Rc4+ Ke5 39. f3 Rh3 40.
Rc3 Kd4 41. Kb4 c5+ 42. Rxc5 Rxf3 43. Rc4+ Ke3 44. Rxc7 Rg3 45. Rxf7 f3 46.
Re7+ Kd2 47. Rd7+ Ke1 48. Re7+ Kf1 49. Re6 f2 50. Rxa6 Kg2 51. Rf6 Rf3 52. Rg6+
Kh3 53. a4 f1=Q 54. Rc6 Rf4+ 55. Ka5 Qe1+ 56. Kb5 Qb4+ 57. Ka6 Rf5 58. Rb6 Ra5+
59. Kb7 Qe7+ 60. Kb8 Qa7+ 0-1

[Event "Gatineau CEH op"]
[Site "Gatineau CAN"]
[Date "2010.02.09"]
[Round "5"]
[White "Danilov, Alex"]
[Black "Libersan, Mattieu"]
[Result "0-1"]
[WhiteElo "1824"]
[BlackElo "1779"]
[PlyCount "46"]
[EventDate "2010.01.12"]
[EventType "swiss"]
[EventRounds "7"]
[EventCountry "CAN"]
[Source "ChessBase"]
[SourceDate "2011.11.26"]

1. e4 c5 2. Nf3 Nc6 3. d3 g6 4. g3 Bg7 5. Bg2 e6 6. O-O Nge7 7. Nbd2 O-O 8. Re1
d5 9. Nf1 b6 10. e5 d4 11. h4 Qc7 12. N1h2 Nd5 13. Qe2 Bb7 14. Ng4 h5 15. Nh6+
Kh7 16. Ng5+ Kh8 17. Nhxf7+ Rxf7 18. Nxe6 Qd7 19. Nxg7 Rxg7 20. Bg5 Re8 21.
Bxd5 Qxd5 22. Bf6 Nxe5 23. Bxg7+ Kxg7 0-1

[Event "Gatineau CEH op"]
[Site "Gatineau CAN"]
[Date "2010.02.09"]
[Round "5"]
[White "Desjardins, Michel"]
[Black "Arsenault, Michel"]
[Result "1-0"]
[WhiteElo "1959"]
[BlackElo "1889"]
[PlyCount "107"]
[EventDate "2010.01.12"]
[EventType "swiss"]
[EventRounds "7"]
[EventCountry "CAN"]
[Source "ChessBase"]
[SourceDate "2011.11.26"]

1. e4 c5 2. Nc3 Nc6 3. g3 g6 4. Bg2 Bg7 5. d3 d6 6. Be3 e6 7. Qd2 h6 8. Nge2
Nge7 9. O-O Nd4 10. Nd1 Nxe2+ 11. Qxe2 Nc6 12. Qd2 Rb8 13. c3 Qa5 14. f4 O-O
15. f5 exf5 16. Bxh6 fxe4 17. Bxe4 Be6 18. Qf4 Qd8 19. Bxg7 Kxg7 20. Ne3 f5 21.
Bd5 Qd7 22. Qg5 Rbe8 23. Rae1 Qd8 24. Qxd8 Nxd8 25. d4 cxd4 26. cxd4 Bxd5 27.
Nxd5 Nc6 28. Rd1 Re4 29. Rf4 Rfe8 30. Rd2 Re2 31. Rf2 Rxd2 32. Rxd2 Re4 33. Nc7
a6 34. d5 Nb4 35. a3 Na2 36. Rc2 Kf7 37. Kf2 Ra4 38. Ne6 b5 39. Nd8+ Ke8 40.
Ne6 b4 41. axb4 Nxb4 42. Re2 Kf7 43. Nd8+ Kg7 44. Nb7 Nd3+ 45. Ke3 Nb4 46. Rd2
a5 47. Nxd6 Na6 48. Nb7 Re4+ 49. Kf3 Nb8 50. Nxa5 Nd7 51. Nc6 Kf7 52. b4 Rc4
53. Re2 Nb6 54. Ne5+ 1-0

[Event "Gatineau CEH op"]
[Site "Gatineau CAN"]
[Date "2010.02.09"]
[Round "5"]
[White "Guimond, Michel"]
[Black "Gagnon, Fabien"]
[Result "1-0"]
[WhiteElo "1970"]
[BlackElo "1942"]
[PlyCount "55"]
[EventDate "2010.01.12"]
[EventType "swiss"]
[EventRounds "7"]
[EventCountry "CAN"]
[Source "ChessBase"]
[SourceDate "2011.11.26"]

1. e4 c5 2. Nf3 e6 3. d4 cxd4 4. Nxd4 a6 5. Nc3 Qc7 6. Bd3 Bc5 7. Nb3 Be7 8. a4
Nf6 9. a5 d6 10. Be3 Nbd7 11. f4 O-O 12. O-O b5 13. axb6 Nxb6 14. Qe2 Bb7 15.
Na5 Bc8 16. Kh1 Nfd7 17. Rf3 f5 18. exf5 exf5 19. Re1 Bd8 20. Bd4 Nc5 21. Rg3
g6 22. Qh5 Qf7 23. Nc4 Bc7 24. Nxb6 Bxb6 25. Nd5 Bd8 26. Ne7+ Bxe7 27. Rxe7
Qxe7 28. Rxg6+ 1-0

[Event "Gatineau CEH op"]
[Site "Gatineau CAN"]
[Date "2010.02.09"]
[Round "5"]
[White "Jani, Louis"]
[Black "Dagenais, Benoit"]
[Result "0-1"]
[WhiteElo "1427"]
[BlackElo "1264"]
[PlyCount "42"]
[EventDate "2010.01.12"]
[EventType "swiss"]
[EventRounds "7"]
[EventCountry "CAN"]
[Source "ChessBase"]
[SourceDate "2011.11.26"]

1. e4 Nf6 2. Nc3 d5 3. e5 d4 4. exf6 dxc3 5. fxe7 cxd2+ 6. Qxd2 Bxe7 7. Qxd8+
Bxd8 8. Bf4 O-O 9. O-O-O Be6 10. Bd3 Nc6 11. Bd2 Bxa2 12. b3 Bf6 13. Bc4 a5 14.
Ne2 a4 15. Nc3 axb3 16. cxb3 Nd4 17. Kb2 b5 18. Bd5 c6 19. Be3 Ne2 20. Bd4 Nxd4
21. Bxc6 Nxc6 0-1

[Event "Gatineau CEH op"]
[Site "Gatineau CAN"]
[Date "2010.02.09"]
[Round "5"]
[White "Jiang, Qizhe"]
[Black "Rainey, Ivan"]
[Result "0-1"]
[WhiteElo "1218"]
[BlackElo "1405"]
[PlyCount "64"]
[EventDate "2010.01.12"]
[EventType "swiss"]
[EventRounds "7"]
[EventCountry "CAN"]
[Source "ChessBase"]
[SourceDate "2011.11.26"]

1. e4 e6 2. d4 d5 3. Nc3 Bb4 4. e5 c5 5. a3 Bxc3+ 6. bxc3 Qc7 7. Nf3 Ne7 8. Be2
O-O 9. Bg5 cxd4 10. cxd4 h6 11. Be3 Nf5 12. Bd2 Bd7 13. Bd3 Nc6 14. Bxf5 exf5
15. O-O Rac8 16. Rc1 f6 17. Bb4 Nxb4 18. axb4 Qc3 19. Qd2 Qxd2 20. Nxd2 fxe5
21. dxe5 Rc3 22. Nb1 Rc4 23. c3 Re4 24. Rfe1 Re8 25. Rxe4 dxe4 26. Rd1 Bc6 27.
b5 Bxb5 28. Rd5 Bc6 29. Rc5 Rd8 30. g3 Rd1+ 31. Kg2 Rxb1 32. Kh3 Rb5 0-1

[Event "Gatineau CEH op"]
[Site "Gatineau CAN"]
[Date "2010.02.09"]
[Round "5"]
[White "Lacourse, Guy"]
[Black "Scantland, Patrick"]
[Result "0-1"]
[WhiteElo "1676"]
[BlackElo "1759"]
[PlyCount "118"]
[EventDate "2010.01.12"]
[EventType "swiss"]
[EventRounds "7"]
[EventCountry "CAN"]
[Source "ChessBase"]
[SourceDate "2011.11.26"]

1. d4 Nf6 2. c4 e6 3. Nf3 d5 4. Bg5 Be7 5. e3 h6 6. Bxf6 Bxf6 7. Nc3 O-O 8. Rc1
c6 9. h3 Nd7 10. cxd5 exd5 11. Bd3 Re8 12. O-O Nf8 13. Re1 Bd7 14. b4 a6 15. a4
b5 16. axb5 axb5 17. Qb3 Ne6 18. Ra1 Ng5 19. Nxg5 Bxg5 20. Rxa8 Qxa8 21. Bb1 f5
22. Qc2 Qa3 23. Na2 Bf6 24. Re2 Be7 25. Qb2 Ra8 26. Qxa3 Rxa3 27. Rb2 Bd6 28.
Kf1 g5 29. Ke2 Kf7 30. Bc2 Kf6 31. Bb3 h5 32. Rb1 f4 33. Rb2 Ra8 34. exf4 Bxf4
35. Kf3 Re8 36. g3 Bd6 37. Kg2 Re1 38. f3 Re3 39. Kf2 Rd3 40. Bc2 Rxd4 41. Ke3
c5 42. Rb1 Bxg3 43. bxc5 Rc4 44. Bd3 Bf4+ 45. Ke2 Rxc5 46. Nb4 d4 47. Nc2 Ke5
48. Na3 h4 49. Nxb5 Bxh3 50. Na3 Bd7 51. Nc4+ Ke6 52. Rb6+ Rc6 53. Rb5 Ke7 54.
Rd5 h3 55. Kf1 h2 56. Kg2 Ra6 57. Ra5 Rxa5 58. Nxa5 Ba4 59. Nb7 Bc6 0-1

[Event "Gatineau CEH op"]
[Site "Gatineau CAN"]
[Date "2010.02.09"]
[Round "5"]
[White "Menard, Marc"]
[Black "Morel, Joseph"]
[Result "1-0"]
[WhiteElo "1576"]
[BlackElo "1076"]
[PlyCount "89"]
[EventDate "2010.01.12"]
[EventType "swiss"]
[EventRounds "7"]
[EventCountry "CAN"]
[Source "ChessBase"]
[SourceDate "2011.11.26"]

1. e4 e5 2. Nf3 d6 3. d4 Nf6 4. Nc3 exd4 5. Nxd4 a6 6. Be2 c5 7. Nb3 Nc6 8. O-O
g6 9. Bg5 Bg7 10. Qd2 O-O 11. Rad1 Be6 12. Qxd6 Qxd6 13. Rxd6 Rad8 14. Rfd1
Rxd6 15. Rxd6 h6 16. Bh4 Ne8 17. Rd1 Bxb3 18. axb3 Nd4 19. Be7 Nxc2 20. Bxf8
Kxf8 21. Rd5 Bd4 22. Na4 Nf6 23. Rxc5 Bxc5 24. Nxc5 Nd4 25. Bc4 b5 26. Bd5 Nxd5
27. exd5 Ke7 28. b4 Kd6 29. Nxa6 Kxd5 30. Kf1 Kc4 31. f4 Kb3 32. Kf2 Nc6 33.
Ke3 f5 34. h3 h5 35. h4 Nxb4 36. Nxb4 Kxb4 37. Kd2 Kb3 38. Kc1 Ka2 39. Kc2 b4
40. g3 b3+ 41. Kc3 Kb1 42. Kxb3 Kc1 43. Kc3 Kd1 44. Kd3 Ke1 45. Ke3 1-0

[Event "Gatineau CEH op"]
[Site "Gatineau CAN"]
[Date "2010.02.09"]
[Round "5"]
[White "Thibault, Mario"]
[Black "Arsenault, Yves"]
[Result "1/2-1/2"]
[WhiteElo "1733"]
[BlackElo "1559"]
[PlyCount "134"]
[EventDate "2010.01.12"]
[EventType "swiss"]
[EventRounds "7"]
[EventCountry "CAN"]
[Source "ChessBase"]
[SourceDate "2011.11.26"]

1. e4 c5 2. Nc3 Nc6 3. f4 d6 4. Nf3 Nf6 5. Bb5 Bd7 6. d3 a6 7. Bxc6 Bxc6 8. O-O
e6 9. Qe1 Be7 10. e5 Nd5 11. Ne4 Nb4 12. Qf2 Qc7 13. a3 Nd5 14. Rb1 Nb6 15. Be3
Bxe4 16. dxe4 d5 17. exd5 Nxd5 18. Bd2 c4 19. c3 Bc5 20. Nd4 O-O-O 21. Kh1 Qd7
22. b3 cxb3 23. Rxb3 Qa4 24. Rfb1 Rd7 25. Qf3 Bxd4 26. cxd4 Qxd4 27. Rd3 Qa7
28. Be1 Kd8 29. Bf2 Qb8 30. Bh4+ Ke8 31. Qe4 g6 32. Rdb3 h6 33. h3 Rg8 34. Qa4
b5 35. Qxa6 Nc7 36. Qc6 g5 37. Rd3 Nd5 38. Rxb5 Qd8 39. Be1 Ne7 40. Rxd7 Nxc6
41. Rxd8+ Kxd8 42. fxg5 hxg5 43. Rb7 Rf8 44. Bb4 Re8 45. Bd6 Ne7 46. Kg1 Nf5
47. Bb4 Nh6 48. Kf1 Kc8 49. Ra7 Kb8 50. Re7 Rd8 51. Bd6+ Ka8 52. g4 Rc8 53. Rc7
Rd8 54. Ke2 Rb8 55. Kd3 Rb3+ 56. Rc3 Rb6 57. Kd4 f6 58. Rc8+ Kb7 59. Rb8+ Kc6
60. Rxb6+ Kxb6 61. exf6 Nf7 62. Be7 Kb5 63. Ke4 Ka4 64. Kd4 Kb5 65. Bb4 Kc6 66.
Be1 Kb5 67. Bb4 Kc6 1/2-1/2

[Event "Gatineau CEH op"]
[Site "Gatineau CAN"]
[Date "2010.02.16"]
[Round "6"]
[White "Arsenault, Michel"]
[Black "Dagenais, Benoit"]
[Result "0-1"]
[WhiteElo "1889"]
[BlackElo "1264"]
[PlyCount "60"]
[EventDate "2010.01.12"]
[EventType "swiss"]
[EventRounds "7"]
[EventCountry "CAN"]
[Source "ChessBase"]
[SourceDate "2011.11.26"]

1. c4 Nf6 2. g3 g6 3. Bg2 Bg7 4. Nc3 c5 5. e3 O-O 6. Nge2 Nc6 7. d4 d6 8. O-O
Rb8 9. b3 Bg4 10. h3 Bf5 11. g4 Bd7 12. Bb2 Qc8 13. Qd2 h5 14. f3 Bh6 15. dxc5
dxc5 16. Nd5 Nxd5 17. cxd5 Nb4 18. a3 Na6 19. Qc3 f6 20. Qd3 Qe8 21. gxh5 gxh5
22. f4 Kh8 23. Kh2 Rg8 24. Rg1 Bb5 25. Qc2 h4 26. Nc3 Bd7 27. Bf3 Qf7 28. Qf2
Rxg1 29. Rxg1 Qh7 30. Qxh4 Bxf4+ 0-1